Die Idee vom Totengericht in der ägyptischen Religion /

محفوظ في:

المؤلف الرئيسي: Spiegel, Joachim (مؤلف)

التنسيق: كتاب

اللغة: German

سلاسل: Leipziger Agyptologische Studien ; 2.
LAS ; 2.

الموضوعات:

الوسوم: إضافة وسم

لا توجد وسوم, كن أول من يضع وسما على هذه التسجيلة!

رقم الطلب: PJ1025 .L4 v.2

LEADER 00924namaa2200265 4500
001 15405
003 OSt
005 20210728091907.0
008 130303s1976 gw g b 000 0 ger d
952 |0 0  |1 0  |2 lcc  |3 V.2  |4 0  |6 PJ1025 L4 V.00002  |7 1  |9 17200  |a ARCE  |b ARCE  |d 2021-07-28  |l 0  |o PJ1025 .L4 v.2  |p 1002635  |r 2021-07-28 00:00:00  |w 2021-07-28  |y BK 
999 |c 14029  |d 14029 
040 |c ARCE Library 
050 0 4 |a PJ1025 .L4 v.2 
100 1 |a Spiegel, Joachim,  |e author  |9 40367 
245 1 4 |a Die Idee vom Totengericht in der ägyptischen Religion /  |c Joachim Spiegel. 
264 1 |a [Glückstadt :  |b Augustin,   |c 1976]. 
300 |a 81 pages ;  |c 24 cm. 
490 1 |a Leipziger Agyptologische Studien ;   |v 2. 
490 1 |a LAS ;   |v 2. 
504 |a Includes bibliographical references.  
650 0 |a Eschatology, Egyptian. 
830 0 |a Leipziger Agyptologische Studien ;   |v 2. 
830 0 |a LAS ;   |v 2. 
901 |a reviewed 
942 |c BK  |2 lcc